00495nam a2200193Ia 4500008004000000020001500040041000800055082001500063100002000078245004700098260006100145300001300206650001500219650001200234650001500246650000700261650001400268700001900282210210b2005 xxu||||| |||| 00| 0 eng d a8188237329 aeng a547.3 AHLL aAHLUWALIA (V K) aLaboratory techniques in organic chemistry aNew DelhibI.K. International Pub. House Pvt. Ltd.c2005 aviii,195 atechniques aorganic aLaboratory ain achemistry aBHAGAT (Pooja)